000 01873nam0a2200325 4500
001 RU\NLR\BIBL_A\022217665
005 20260419042158.0
035 _a(NLR Aleph) 022217665
090 _a13092256
_c13092256
100 _a20240508d1963 |||y0rusy50 ca
101 0 _aukr
102 _aRU
105 _ay gc 000yy
181 0 _ai
_baxxe
182 0 _an
200 1 _aКриза свiтового капiталiзму
_eкороткий анотований покажчик лiтератури
_fМiнiстерство культури Украïнськоï РСР, Державна республiканська бiблiотека УРСР iменi КПРС
_g[склав А. А. Кондрацький]
203 _aТекст
_bвизуальный
_cнепосредственный
210 _aКиïв
_cДержавне видавництво полiтичноï лiтератури УРСР
_d1963
215 _a35, [2] с.
_d20
225 1 _aНа допомогу бiблiотекаревi
300 _aВ вып. дан. загл. также на рус. яз.: Кризис мирового капитализма: краткий аннотированный указатель литературы (на украинском языке)
517 1 _aКризис мирового капитализм
_eкраткий аннотированный указатель литературы (на украинском языке)
_zrus
702 1 _aКондрацький
_bА. А.
_gАдольф Адольфович
_4220
712 0 2 _4220
_8ukr
_aДержавна республіканська бібліотека УРСР ім. КПРС
_cКиïв
_3RU\NLR\AUTH\889089
_9290689
852 _aNLR
_jс451-660/К-82
942 _cBOOK
980 _aNB